| 000 | 00701cam a2200217 a 4500 | ||
|---|---|---|---|
| 001 | 000014467 | ||
| 005 | 20200929163844.0 | ||
| 008 | 710902s1971 xxu 001 0 eng | ||
| 020 | _a0395124751 | ||
| 040 |
_aDO-SdBNP _bspa _cBNPHU |
||
| 082 |
_annn _bG148n |
||
| 100 | 1 |
_aGalbraith, John Kenneth, _d1908-2006. _95542 |
|
| 245 | 1 | 4 |
_aThe new industrial state / _cJohn Kenneth Galbraith. |
| 250 | _a2d ed., rev. | ||
| 260 |
_aBoston : _bHoughton Mifflin, _c1971. |
||
| 300 |
_axxii, 423 p. ; _c22 cm. |
||
| 504 | _aIncluye notas y referencias al pie de páginas | ||
| 504 | _aIncluye índice | ||
| 650 | 2 | 4 |
_aIndustrias _zEstados Unidos _932670 |
| 650 | 0 |
_aPolítica industrial _zEstados Unidos _932671 |
|
| 999 |
_c14056 _d14056 |
||